000 00834nam a2200253Ia 4500
003 OSt
005 20220923213100.0
006 a|||||r|||| 00| 0
007 ta
008 220922b |||||||| |||| 00| 0 hin d
024 _a158,803
037 _cTextual
040 _aARTS
_cARTS
_bhin
041 _2hin
_ahin
082 _aO152,1:g(P), K0
100 _aसंसारचन्द्र
_9156945
245 0 _aहिन्दी काव्य में अन्योक्ति
246 _aHindī kāvya mean anyokti
260 _aदिल्ली
_b राजकमल प्रकाशन
_c1960
300 _a352पृ.
_ccm.
650 _aहिन्दी साहित्य
_9156264
942 _hO152,1:g(P), K0
_cTEXL
_2CC
999 _c313550
_d313550